European countries with the most borders - Statistics

General Stats
  • This quiz has been taken 36 times
    19 since last reset
  • The average score is 7 of 9
Answer Stats
Answer % Correct
Germany
100%
Russia
100%
France
83%
Serbia
83%
Hungary
78%
Austria
72%
Ukraine
72%
Poland
67%
Italy
61%
No matching quizzes found
Score Distribution
Percent of People with Each Score
Percentile by Number Answered
Your Score History
You have not taken this quiz since the last reset